000 01418nam a22002417a 4500
003 DO-SdBJH
005 20240920121153.0
008 240920b |||||||| |||| 00| 0 spa d
040 _aDO-SdBJH
_bspa
_cDO-SdBJH
090 _aTG AAGBPFAFM
_b02154 2022
100 1 _aHernández Salazar, Carmen L.
_esustentante
245 1 0 _aPropuesta de encriptación de las comunicaciones por radio de la FARD /
_cCarmen L. Hernández Salazar, Carlos José Moreno, asesores Tebi Rodríguez Hernández, Amaury Gonzales Sayas
260 _aSanto Domingo Este :
_bINSUDE,
_c2022
300 _axvi, 47 páginas, imágenes, mapa
502 _aTrabajo de grado (Licenciatura en Ciencias Aeronáuticas) -- Instituto Superior para la Defensa (INSUDE). -- Academia Aérea Gral. De Brigada Piloto Frank Andrés Feliz Miranda, 2022
504 _aIncluye referencias bibliográficas e índices
505 _aAntecedentes históricos de la encriptación de las comunicaciones. -- Riesgos de seguridad en el intercambio de información por radio de la FARD. -- Mecanismo de encriptación idóneo para aplicarlo en la seguridad de radio de la FARD
700 1 _aMoreno, Carlos José
_esustentante
700 1 _aRodríguez Hernández, Tebi
_easesor
700 1 _aGonzales Sayas, Amaury
_easesor
830 _aINSUDE. Academia Aérea Gral. De Brig. Pil. Frank Andrés Feliz Miranda. Tesis y disertaciones académicas
942 _2CL
_cT
999 _c7900
_d7900